000 00668nam a2200205Ii 4500
003 JO-AjNU
008 230606s9999||||xx |||||||||||||| ||und||
020 _a0-395-83986-6
040 _aJO-AjNU
_beng
_erda
_cJO-AjNU
041 _aeng
050 1 4 _aHF5635 .G77619 1999
100 3 _aSidney J. Gray/ Belverd E. Needles, Jr,
_eauthor
_93439
245 0 0 _aFinancial accounting : a global approach
264 3 1 _aBoston : Houghton Mifflin,1999
300 _a599P
_bIncludes bibliographical references and indexes(P565-599)
336 _atext
_btxt
_2rdacontent
337 _aunmediated
_bn
_2rdamedia
338 _avolume
_bnc
_2rdacarrier
650 4 _aAccounting
_93440
999 _aE1795
_c1795
_d1795